01446nam a2200373Ia 450000100060000000300100000600500170001600700030003300800410003602000150007704000350009208400110012710000440013824500910018225000390027326400270031230000300033933600270036933700330039633800280042949000160045750000250047360000730049865000460057165000500061765000540066765000440072165000410076570000520080674000520085894200150091099900170092595201300094260843CO-BoRNBP20260324141006.0ta160601s2005 ck a g 000 0 spa  a9580438560 aCO-BoRNBPbspaerdacCO-BoRNBP aN CAR21 aCarrasquilla, Tomásd1858-194096956910aFrutos de mi tierra cTomás Carrasquilla; editato por Iván Hernández Arbeláez  a1a. edición b1a. reimpresión  aBogotá bNormac2005 a367, 95 páginas c19 cm atextobtxt2rdacontent asin mediaciónbn2rdamedia avolumenbnc2rdacarrier aCara y cruz aIncluye cronología14aCarrasquilla, Tomásd1858-1944xCritica e interpretación 969570142LEMBaNovela colombiana ySiglo XX969571142LEMBaLiteratura colombiana ySiglo XX969572142LEMBaProblemas sociales en la literatura 969573142LEMBaIronía en la literatura 969574142LEMBaHumor en la literatura 969575 aHernández Arbeláez, Iván eeditor 969576 aA propósito de Tomás Carrasquilla y su obra 2loccBKLIT c60843d60843 00102lcc40708GENaMEPCONCObMEPCONCOcGENd2026-03-24l0oN CAR2pPCON02680r2026-03-24 14:10:23tEj.1w2026-03-24yBKLIT